Když se trhá nebe /
Uloženo v:
| Hlavní autor: | |
|---|---|
| Další autoři: | , |
| Médium: | E-audiokniha |
| Jazyk: | Czech |
| Vydáno: |
Praha :
Voxi,
2026
|
| Témata: | |
| Tagy: |
Žádné tagy |
| LEADER | 03727nim a2200913 i 4500 | ||
|---|---|---|---|
| 001 | 313535 | ||
| 003 | CZ PrSKC | ||
| 005 | 20260601215745.0 | ||
| 007 | sd fungnnmmned | ||
| 008 | 260415s2026 xr nnnng f n cze | ||
| 015 | |a cnb003751135 | ||
| 020 | |a 9788074486562 : |c Kč 399,00 | ||
| 040 | |a ABA001 |b cze |e rda | ||
| 072 | 7 | |a 821.162.3-3 |x Česká próza |2 Konspekt | |
| 080 | |a 821.162.3-31 |2 MRF | ||
| 080 | |a (0:82-311.6) |2 MRF | ||
| 080 | |a (086.7)08 |2 MRF | ||
| 080 | |a (086.76) |2 MRF | ||
| 100 | 1 | |a Chalupová, Lenka, |d 1973- |7 xx0019107 |4 aut | |
| 245 | 1 | 0 | |a Když se trhá nebe / |c Lenka Chalupová |
| 264 | 1 | |a Praha : |b Voxi, |c 2026 | |
| 300 | |a 1 audiodisk (10 hod., 21 min.) ; |c 12 cm | ||
| 306 | |a 102100 | ||
| 336 | |a mluvené slovo |b spw |2 rdacontent | ||
| 337 | |a audio |b s |2 rdamedia | ||
| 338 | |a audiodisk |b sd |2 rdacarrier | ||
| 344 | |a digital |2 rdatr | ||
| 344 | |b optical |2 rdarm | ||
| 344 | |g stereo |2 rdacpc | ||
| 347 | |a audio soubor |2 rdaft | ||
| 347 | |b MP3 | ||
| 500 | |a Název z disku | ||
| 500 | |a Vydalo nakladatelství Voxi ve společnosti Albatros Media a.s. | ||
| 500 | |a Podle stejnojmenné knihy vydané nakladatelstvím Motto v roce 2025 | ||
| 500 | |a Nezkrácená audiokniha ve formátu MP3 | ||
| 508 | |a Režie, Ondřej Černý | ||
| 511 | 0 | |a Čte Jana Štvrtecká | |
| 655 | 7 | |a české romány |7 fd133974 |2 czenas | |
| 655 | 7 | |a historické romány |7 fd132414 |2 czenas | |
| 655 | 7 | |a audioknihy |7 fd119452 |2 czenas | |
| 655 | 7 | |a kompaktní disky |7 fd201991 |2 czenas | |
| 655 | 9 | |a Czech fiction |2 eczenas | |
| 655 | 9 | |a historical novels |2 eczenas | |
| 655 | 9 | |a audiobooks |2 eczenas | |
| 655 | 9 | |a compact discs |2 eczenas | |
| 700 | 1 | |a Černý, Ondřej, |d 1983- |7 xx0158829 |4 drt | |
| 700 | 1 | |a Štvrtecká, Jana, |d 1971- |7 jo20010086972 |4 stl | |
| 710 | 2 | |a Voxi (nakladatelství) |7 xx0342088 |4 pbl | |
| 900 | |a ABA001 |b 19 | ||
| 044 | |a xr | ||
| 505 | 0 | 0 | |t 01 když-se-trhá-nebe (20 min., 23 sek.) |
| 505 | 0 | 0 | |t 02 když-se-trhá-nebe (25 min., 6 sek.) |
| 505 | 0 | 0 | |t 03 když-se-trhá-nebe (27 min., 0 sek.) |
| 505 | 0 | 0 | |t 04 když-se-trhá-nebe (24 min., 19 sek.) |
| 505 | 0 | 0 | |t 05 když-se-trhá-nebe (29 min., 30 sek.) |
| 505 | 0 | 0 | |t 06 když-se-trhá-nebe (26 min., 7 sek.) |
| 505 | 0 | 0 | |t 07 když-se-trhá-nebe (29 min., 10 sek.) |
| 505 | 0 | 0 | |t 08 když-se-trhá-nebe (20 min., 31 sek.) |
| 505 | 0 | 0 | |t 09 když-se-trhá-nebe (22 min., 13 sek.) |
| 505 | 0 | 0 | |t 10 když-se-trhá-nebe (26 min., 19 sek.) |
| 505 | 0 | 0 | |t 11 když-se-trhá-nebe (26 min., 22 sek.) |
| 505 | 0 | 0 | |t 12 když-se-trhá-nebe (23 min., 4 sek.) |
| 505 | 0 | 0 | |t 13 když-se-trhá-nebe (23 min., 55 sek.) |
| 505 | 0 | 0 | |t 14 když-se-trhá-nebe (24 min., 28 sek.) |
| 505 | 0 | 0 | |t 15 když-se-trhá-nebe (24 min., 25 sek.) |
| 505 | 0 | 0 | |t 16 když-se-trhá-nebe (29 min., 20 sek.) |
| 505 | 0 | 0 | |t 17 když-se-trhá-nebe (25 min., 10 sek.) |
| 505 | 0 | 0 | |t 18 když-se-trhá-nebe (29 min., 23 sek.) |
| 505 | 0 | 0 | |t 19 když-se-trhá-nebe (17 min., 42 sek.) |
| 505 | 0 | 0 | |t 20 když-se-trhá-nebe (28 min., 53 sek.) |
| 505 | 0 | 0 | |t 21 když-se-trhá-nebe (22 min., 25 sek.) |
| 505 | 0 | 0 | |t 22 když-se-trhá-nebe (19 min., 22 sek.) |
| 505 | 0 | 0 | |t 23 když-se-trhá-nebe (25 min., 41 sek.) |
| 505 | 0 | 0 | |t 24 když-se-trhá-nebe (14 min., 25 sek.) |
| 505 | 0 | 0 | |t 25 když-se-trhá-nebe (20 min., 27 sek.) |
| 505 | 0 | 0 | |t 26 když-se-trhá-nebe (15 min., 30 sek.) |
| 910 | |a RBIT002 | ||
| 998 | |d 424735 |a https://core.palmknihy.cz/api/books/424735/cover?t995js |b https://core.palmknihy.cz/api/books/424735/cover/400?t995js |c https://core.palmknihy.cz/api/books/424735/cover/50?t995js |e 2035-12-31 |i 9788074486562 |l 37260 |q 49 |r 1 |s https://www.palmknihy.cz/kniha/424735 |t audiobook |y 2026 |z 0 | ||
| 999 | |d 313533 | ||